000 00277nam a2200109Ia 4500
008 190216s9999||||xx |||||||||||||| ||und||
100 _aMehrotra &goyal Sp
245 0 _aIncome Tax Law And Practice
260 _bHimalaya Publishing House
_c1993
300 _a858p
942 _cBK
999 _c4783
_d4783